Normal view MARC view
  • Egmon, Jean.

Entry Personal Name

Number of records used in: 3

001 - CONTROL NUMBER

  • control field: 12442

003 - CONTROL NUMBER IDENTIFIER

  • control field: NUST

005 - DATE AND TIME OF LATEST TRANSACTION

  • control field: 20181030113141.0

008 - FIXED-LENGTH DATA ELEMENTS

  • fixed length control field: 181030|| aca||aabn | a|a d

040 ## - CATALOGING SOURCE

  • Original cataloging agency: NUST
  • Transcribing agency: NUST

100 ## - HEADING--PERSONAL NAME

  • Personal name: Egmon, Jean.

670 ## - SOURCE DATA FOUND

  • Source citation: Work cat.: (NUST)0: Welter, William. 12441, The prepared mind of a leader :, 2006.
© 2023 Central Library, National University of Sciences and Technology. All Rights Reserved.